L'Educació de prop : el paper dels municipis en la política educativa : jornades presencials del Fòrum Local d'Educació : març 2002 - abril 2003 el paper dels municipis en la política educativa :
MARC
| LEADER | 00000nam a2200000Ia 4500 | ||
|---|---|---|---|
| 001 | 16793 | ||
| 003 | BGR | ||
| 005 | 20260324175345.0 | ||
| 008 | 160829s2003 xx 000 0 cat d | ||
| 080 | |a E-1-236 | ||
| 245 | |a L'Educació de prop : |b el paper dels municipis en la política educativa : |b jornades presencials del Fòrum Local d'Educació : |b març 2002 - abril 2003 | ||
| 260 | |a [Barcelona] : |b Diputació de Barcelona, Xarxa de Municipis, Àrea d'Educació, |c 2003 | ||
| 300 | |a 296 p. : |b gràf. ; |c 30 cm | ||
| 590 | |a Conté els documents base de referència i les conclusions dels debats presencials del Fòrum Local d'Educació celebrats a Terrassa-Sabadell (novembre 2002), Vilanova i la Geltrú (desembre 2002), Sant Feliu de Llobregat (gener 2003) i Sant Cugat del Vallès-Cerdanyola del Vallès (febrer 2003) | ||
| 650 | |a Política i educació |x Catalunya |x Congressos |9 28925 | ||
| 650 | |a Administració local |x Catalunya |x Aspectes socials |x Congressos |9 28926 | ||
| 651 | 0 | |a Catalunya |x Política educativa |v Congressos |9 56253 | |
| 710 | |a Barcelona (Catalunya : Província). |b Àrea d'Educació |9 8009 | ||
| 711 | |a Fòrum Local d'Educació |9 67115 | ||
| 901 | |a Arxiu | ||
| 942 | |n 1 |2 udc |c MON | ||
| 952 | |0 0 |1 0 |4 0 |6 E1236 |7 1 |9 44976 |a Arxiu |b Arxiu |d 2016-12-01 |l 0 |o E-1-236 |p 16793 |r 2016-12-01 00:00:00 |w 2016-12-01 |y ARXIU | ||
| 999 | |c 47579 |d 47579 | ||